00767nam a22002057a 450000500170000001000150001702000260003203500140005803700090007208200110008110000220009224500540011425000060016826000480017427001210022230000210034394200220036499900190038695201560040520260625113439.0 aENG-146432 a9789395481106c360.00 aEN-129964 bDBAD a92121 aSubodh Lal989466 aFahmida Riaz:cSubodh LalbThe Iconic Iconociast/ a1 bVishwakarma Publicationsc2023aMaharashtra a34A/1, Suyog Center, 7th floor, Gultekedi Marketyard Road, Giridhar Bhavan Chowk, e411037bPuneminfo@vpindia.co.in a244p.c22cm (pb) 2ddccENh921mSUB c216787d216787 001040718NFICaDBADbDBADd2026-06-25eDelivery of Books Act Divisiong360.00l0o921 SUBpEN-129964r2026-06-25 11:35:03t1v360.00w2026-06-25yEN